000 00511nam a22001697a 4500
003 NUST
038 _aNusrat Nadeem
082 _a200
100 _aUsman, Muhammad
_91812
245 _aThe Dark Side of the Universe – Some Suggestions/
_cMuhammad Usman
264 _aIslamabad;
_bSNS NUST;
_c2018;
300 _a248,p:
_bill;
_c30,cm;
650 _aPhD-Physics
_9123513
700 _aSupervisor: Prof. Asghar Qadir
_9123541
856 _uhttp://10.250.8.41:8080/xmlui/handle/123456789/3210
942 _2ddc
_cSC
999 _c609711
_d609711